| 000 | 00427nam a22001697a 4500 | ||
|---|---|---|---|
| 020 | _a9780764136634 | ||
| 082 | _a378.1664 GEW | ||
| 100 | _aGewirtz, Herman | ||
| 245 | _aBarron's SAT Subject Test Physics | ||
| 250 | _a9th | ||
| 260 |
_aRawalpindi _bJahangir Books _c2010 |
||
| 300 | _avii, 376 p. | ||
| 500 | _aIncludes index | ||
| 650 | _aSAT (Educational test)--Physics | ||
| 700 | _aWolf, Jonathan S. | ||
| 942 | _cBK | ||
| 999 |
_c491106 _d491106 |
||